Religious traditions on India (Record no. 83)

MARC details
000 -LEADER
fixed length control field 00501nam a2200205Ia 4500
003 - CONTROL NUMBER IDENTIFIER
control field OSt
005 - DATE AND TIME OF LATEST TRANSACTION
control field 20241126110329.0
008 - FIXED-LENGTH DATA ELEMENTS--GENERAL INFORMATION
fixed length control field 160523b xxu||||| |||| 00| 0 eng d
020 ## - INTERNATIONAL STANDARD BOOK NUMBER
International Standard Book Number 817214606X
040 ## - CATALOGING SOURCE
Transcribing agency GBC
082 ## - DEWEY DECIMAL CLASSIFICATION NUMBER
Classification number 201.0954
Item number REL
245 ## - TITLE STATEMENT
Title Religious traditions on India
260 ## - PUBLICATION, DISTRIBUTION, ETC.
Date of publication, distribution, etc. 1988.
Name of publisher, distributor, etc. ISPCK ,
Place of publication, distribution, etc. Delhi :
300 ## - PHYSICAL DESCRIPTION
Extent 365p.
650 ## - SUBJECT ADDED ENTRY--TOPICAL TERM
Topical term or geographic name entry element Religion
Form subdivision India
9 (RLIN) 1229
700 ## - ADDED ENTRY--PERSONAL NAME
Personal name P.S. Daniel
9 (RLIN) 1230
700 ## - ADDED ENTRY--PERSONAL NAME
Personal name G.R Singh
9 (RLIN) 1231
700 ## - ADDED ENTRY--PERSONAL NAME
Personal name David C Scott
9 (RLIN) 1232
942 ## - ADDED ENTRY ELEMENTS (KOHA)
Source of classification or shelving scheme Dewey Decimal Classification
Koha item type Books
Koha issues (borrowed), all copies 10
Holdings
Withdrawn status Lost status Source of classification or shelving scheme Damaged status Not for loan Home library Current Library Shelving location Date acquired Total checkouts Total renewals Full call number Barcode Date last seen Date last checked out Price effective from Koha item type
    Dewey Decimal Classification     GRACE BIBLE COLLEGE GRACE BIBLE COLLEGE Philosophy and Religion 2016-05-23 14 10 201.0954 REL 006763 2026-02-16 2026-02-09 2016-05-23 Books
© Grace Bible College Library 2025